<?xml version="1.0" encoding="UTF-8"?><?xml-stylesheet type="text/xsl" href="static/style.xsl"?><OAI-PMH xmlns="http://www.openarchives.org/OAI/2.0/" xmlns:xsi="http://www.w3.org/2001/XMLSchema-instance" xsi:schemaLocation="http://www.openarchives.org/OAI/2.0/ http://www.openarchives.org/OAI/2.0/OAI-PMH.xsd"><responseDate>2026-04-13T07:34:08Z</responseDate><request verb="GetRecord" identifier="oai:www.recercat.cat:2072/527583" metadataPrefix="marc">https://recercat.cat/oai/request</request><GetRecord><record><header><identifier>oai:recercat.cat:2072/527583</identifier><datestamp>2024-12-23T14:54:15Z</datestamp><setSpec>com_2072_352787</setSpec><setSpec>com_2072_351515</setSpec><setSpec>com_2072_1741</setSpec><setSpec>col_2072_352789</setSpec></header><metadata><record xmlns="http://www.loc.gov/MARC21/slim" xmlns:dcterms="http://purl.org/dc/terms/" xmlns:xsi="http://www.w3.org/2001/XMLSchema-instance" xmlns:doc="http://www.lyncode.com/xoai" xsi:schemaLocation="http://www.loc.gov/MARC21/slim http://www.loc.gov/standards/marcxml/schema/MARC21slim.xsd">
   <leader>00925njm 22002777a 4500</leader>
   <datafield ind2=" " ind1=" " tag="042">
      <subfield code="a">dc</subfield>
   </datafield>
   <datafield ind2=" " ind1=" " tag="720">
      <subfield code="a">Mazzoni, Daniele</subfield>
      <subfield code="e">author</subfield>
   </datafield>
   <datafield ind2=" " ind1=" " tag="720">
      <subfield code="a">Pascual, Jordi</subfield>
      <subfield code="e">author</subfield>
   </datafield>
   <datafield ind2=" " ind1=" " tag="720">
      <subfield code="a">Montalvo, Tomás</subfield>
      <subfield code="e">author</subfield>
   </datafield>
   <datafield ind2=" " ind1=" " tag="720">
      <subfield code="a">González-Solís, J.</subfield>
      <subfield code="e">author</subfield>
   </datafield>
   <datafield ind2=" " ind1=" " tag="720">
      <subfield code="a">Senar, Juan Carlos</subfield>
      <subfield code="e">author</subfield>
   </datafield>
   <datafield ind2=" " ind1=" " tag="260">
      <subfield code="c">2022-09-05</subfield>
   </datafield>
   <datafield ind2=" " ind1=" " tag="520">
      <subfield code="a">Capsule:
Previous observations in Barcelona and other cities showed that approximately 40% of the food ingested by adult Monk Parakeets Myiopsitta monachus is of anthropogenic origin. Here we show that this type of food source is also used for feeding nestlings.

Aims:
To quantify the proportion of anthropogenic food within the diet of nestling Monk Parakeets, a non-native species in Barcelona.

Methods
We analysed stable isotopes of 13C and 15N in feathers of Monk Parakeet nestlings collected in the Barcelona city area. We also sampled potential food sources ingested by Monk Parakeets to reconstruct the nestling diet using Bayesian mixing models with MixSIAR.

Results:
Almost 30% of the nestlings’ diet was composed of anthropogenic food.

Conclusions:
Since food availability is a major factor regulating population growth, we propose educating the general public to reduce the food supply for the species and ultimately limit its population growth.</subfield>
   </datafield>
   <datafield ind1="8" ind2=" " tag="024">
      <subfield code="a">http://hdl.handle.net/2072/527583</subfield>
   </datafield>
   <datafield ind1="8" ind2=" " tag="024">
      <subfield code="a">https://doi.org/10.1080/00063657.2022.2113856</subfield>
   </datafield>
   <datafield ind2="0" ind1="0" tag="245">
      <subfield code="a">The diet of Monk Parakeet nestlings (Myiopsitta monachus) in an urban area: a study using stable isotopes</subfield>
   </datafield>
</record></metadata></record></GetRecord></OAI-PMH>